000 00794nam a2200217 i 4500
001 26443
003 ES-MaACL
005 20230906153438.0
007 t|
008 030109s1943 sp a |||| | spa d
080 _a173.1(04)
100 1 _aCapmany, Ramón.
_9158378
245 1 3 _aUn viaje al País del Matrimonio
_b: escuela de las solteras y de las casadas /
_cRomán d' Artois [seud.] ; edición revisada y ampliada por Julia de Abuin.
260 _aBarcelona :
_bMolino,
_c1943 (
_fPonsa)
300 _a119 p. :
_bil. ;
_c20 cm.
593 _aEn catálogo de Biblioteca Nacional de España: Román d'Artois, seudónimo de Ramón Capmany.
599 _aLas il. son grab. en azul.
700 1 _aAbuín Salcedo, Julia de,
_918190
852 _aES-MaACL
_jC-9697
999 _c26443
_d26443